Juan domingo perón /

Guardado en:
Autor Principal: Luna, Félix
Formato: Libro
Publicado: Buenos Aires : Planeta, 2004
Series:Grandes Protagonistas de la historia argentina / dirigida por Félix Luna
Materias:
Etiquetas: Agregar Etiqueta
Sin Etiquetas, Sea el primero en etiquetar este registro!
LEADER 00590nam a22001935a 4500
001 CEM.cems013033
005 20081031105616.0
008 130507s2004##################000#0#####d
003 CEMS
020 |a 9504912559 
082 0 4 |a 923 
100 1 |a Luna, Félix 
245 1 0 |a Juan domingo perón /  |c Félix Luna 
260 |a Buenos Aires :  |b Planeta,  |c 2004 
300 |a 160 p. 
490 0 |a Grandes Protagonistas de la historia argentina / dirigida por Félix Luna 
653 |a Biografías 
653 |a Perón, juan domingo-biografía 
859 |a CEMS  |b BIB. CEMS - 11 de abril  |h 923  |i P424Lu  |p 25472.08  |t Ej.1